| 000 -LEADER |
| fixed length control field |
00662nam a22001337a 4500 |
| 040 ## - CATALOGING SOURCE |
| Transcribing agency |
RUA |
| 082 ## - DEWEY DECIMAL CLASSIFICATION NUMBER |
| Classification number |
AGR EAM 2021 B1-570 Or. |
| 100 ## - MAIN ENTRY--AUTHOR NAME |
| Personal name |
EAM SENGHONG,អៀម សេងហុង |
| 245 ## - TITLE STATEMENT |
| Title |
EFFECT OF DIFFERENT TYPES OF HERBICIDES ON GREEN MUSTARD(Brassica juncea L.),ឥទ្ធិពលនៃការប្រើប្រាស់ថ្នាំកម្ចាត់ស្មៅចង្រៃផ្សេងៗគ្នាលើដំណាំស្ពៃខៀវ |
| 260 ## - PUBLICATION, DISTRIBUTION, ETC. (IMPRINT) |
| Place of publication |
phnom penh |
| Name of publisher |
rua |
| Year of publication |
2021 |
| 300 ## - PHYSICAL DESCRIPTION |
| Number of Pages |
x.40p. |
| Other physical details |
ill. |
| Dimensions |
29cm. |
| 856 ## - ELECTRONIC LOCATION AND ACCESS |
| Uniform Resource Identifier |
https://drive.google.com/file/d/1Hk5FuSaXmmVfNuSx3St8q3G547ly17LX/view?usp=sharing |
| 942 ## - ADDED ENTRY ELEMENTS (KOHA) |
| Koha item type |
AGR |
| 952 ## - LOCATION AND ITEM INFORMATION (KOHA) |
| Withdrawn status [LOCAL, KOHA] |
0 |
| 952 ## - LOCATION AND ITEM INFORMATION (KOHA) |
| Withdrawn status [LOCAL, KOHA] |
0 |
| 952 ## - LOCATION AND ITEM INFORMATION (KOHA) |
| Withdrawn status [LOCAL, KOHA] |
0 |
| 952 ## - LOCATION AND ITEM INFORMATION (KOHA) |
| Withdrawn status [LOCAL, KOHA] |
0 |